Checklist for sustainable landscape management : final report of the EU concerted action AIR3-CT93-1210 : : the landscape and nature production capacity of organic/sustainable types of agriculture
Αποθηκεύτηκε σε:
| Κύριος συγγραφέας: | |
|---|---|
| Άλλοι συγγραφείς: | |
| Μορφή: | Βιβλίο |
| Γλώσσα: | English |
| Δημοσίευση: |
Amsterdam :
Elsevier,
1999
|
| Θέματα: | |
| Ετικέτες: |
Προσθήκη ετικέτας
Δεν υπάρχουν, Καταχωρήστε ετικέτα πρώτοι!
|
MARC
| LEADER | 00000nam a2200000 i 4500 | ||
|---|---|---|---|
| 001 | 1/83839 | ||
| 008 | 080506s1999 eng d | ||
| 020 | |a 0-444-50159-2 | ||
| 035 | |l 10097034 | ||
| 040 | |a GR-MY-UA |b gre |e aacr | ||
| 041 | 0 | |a eng | |
| 082 | 0 | |a 333.76094 |2 (22) | |
| 100 | 1 | |a Mansvelt, J. D. van |q (Jan Diek) | |
| 245 | 1 | 0 | |a Checklist for sustainable landscape management : |b final report of the EU concerted action AIR3-CT93-1210 : : the landscape and nature production capacity of organic/sustainable types of agriculture / |c J.D. van Mansvelt, M.J. van der Lubbe |
| 260 | |a Amsterdam : |b Elsevier, |c 1999 | ||
| 300 | |a 181 σ.; |c 25 εκ. | ||
| 504 | |a Βιβλιογραφία: σ. 157-175 | ||
| 650 | 0 | 0 | |a Land use, Rural |x Environmental aspects |z European Union countries. |
| 650 | 0 | 0 | |a Sustainable agriculture |z European Union countries. |
| 650 | 0 | 0 | |a Landscape protection |x Economic aspects |z European Union countries. |
| 650 | 0 | 0 | |a Sustainable development |z European Union countries. |
| 700 | 1 | |a Lubbe, M. J. van der. | |
| 852 | |a INST |b LESVOS |e 20080506 |h 333.76094 MAN |p 005100039706 |q 005100039706 |t BK |y 0 | ||
| 901 | |a BIBL1-2008-2 | ||
| 909 | |a Λ |b 152108 | ||
| 922 | |a 1ΕΛΗ |b 200803 |c ΕΠΕΑΕΚ2/ΤΓ |d ΕΛΕΥΘΕΡΟΥΔΑΚΗΣ | ||
| 970 | |a ΚΑΡΑ |b ΓΙΑΣΕΜΗ |z 2008/05/06 | ||